Normal view
MARC view
- Mohammad Yousaf
Entry Personal Name
001 - CONTROL NUMBER
- control field: 34879
003 - CONTROL NUMBER IDENTIFIER
- control field: NUST
005 - DATE AND TIME OF LATEST TRANSACTION
- control field: 20201104124257.0
008 - FIXED-LENGTH DATA ELEMENTS
- fixed length control field: 201104|| aca||aabn | a|a d
040 ## - CATALOGING SOURCE
- Original cataloging agency: NUST
- Transcribing agency: NUST
100 ## - HEADING--PERSONAL NAME
- Personal name: Mohammad Yousaf
670 ## - SOURCE DATA FOUND
- Source citation: Work cat.: (NUST): Riazat, Ehtesham ; Shahid, Gul Waqas ; Khan, Sohaib and Shoukat, USman. 34878, Leadership /
